| 000 | 00616nam a2200181 i 4500 | ||
|---|---|---|---|
| 001 | 83481 | ||
| 003 | ES-MaACL | ||
| 005 | 20230906174833.0 | ||
| 007 | t| | ||
| 008 | 041117s1981 sp ||||1| spa d | ||
| 100 | 1 |
_aJackson, Brian. _965804 |
|
| 245 | 1 | 0 |
_aCada niño una excepción _b: (cómo motivar las aptitudes infantiles) / _cBrian Jackson ; [prólogo por Antonio Cambrodí ; versión, Pilar Carro Martínez]. |
| 260 |
_aMadrid : _bMorata, _c[1981] |
||
| 300 |
_a167 p. ; _c21 cm. |
||
| 700 | 1 |
_aCambrodi, Antonio. _934046 |
|
| 700 | 1 |
_aCarro Martínez, Pilar. _935833 |
|
| 852 |
_aES-MaACL _jL-1862 _bR.102395 |
||
| 999 |
_c83481 _d83481 |
||